| 000 | 00575nam a2200169 a 4500 | ||
|---|---|---|---|
| 001 | 000021966 | ||
| 005 | 20200930011525.0 | ||
| 008 | 100915s2003 dr a 000 0 spa d | ||
| 020 | _a9993494917 | ||
| 040 |
_aDO-SdBNP _bspa _cBNPHU |
||
| 082 |
_axxx _bC389c |
||
| 100 | 1 |
_aCedeño Pecunia, Marina Altagracia _933911 |
|
| 245 | 1 | 0 |
_aConducta social en el trabajo / _cMarina Altagracia Cedeño Pecunia. |
| 260 |
_aSanto Domingo : _bSomos Artes Gráficas, _c2003. |
||
| 300 |
_a99 p. : _bil. ; _c21 cm. |
||
| 500 | _aIncluye datos biográficos del autor en la solapa de la cubierta | ||
| 999 |
_c21464 _d21464 |
||